000 01166nab a22002417a 4500
999 _c5840
_d5840
003 OSt
005 20260108013830.0
008 190514b xxu||||| |||| 00| 0 spa d
040 _cPJ
100 _96739
_aD’Acunto, Claudia Inés
245 1 3 _aEl derecho a conocer los orígenes en el proyecto adoptivo a casi diez años de la entrada en vigencia del Código Civil y Comercial /
_cClaudia Inés D’Acunto, María Lucila Uzal.
300 _ap. 66-72
505 _aSumario: I. Introducción.— II. La adopción: principios generales.— III. El derechoa conocer los orígenes.— IV. El derecho a ser oído.— V. La “capacidad progresiva”.— VI. Conclusiones.
505 _tSi te interesa el texto, comunicate a koha@justierradelfuego.gov.ar
650 0 _9967
_aDERECHO DE FAMILIA
650 0 _92741
_aDERECHOS DE LAS NIÑAS, NIÑOS Y ADOLESCENTES
650 0 _91497
_aCODIGO CIVIL Y COMERCIAL
650 0 _9974
_aADOPCIÓN
650 0 _92345
_aDERECHO A LA IDENTIDAD
700 _96738
_aUzal, María Lucila
_ecoautor
773 0 _02844
_93222
_dBuenos Aires : AbeledoPerrot, 1989-
_tDerecho de familia. N° 119 - Mayo 2025
_z18511201
942 _2udc
_cANA